000 003360000a22000970004500
100 1 _aCristobal, Ramiro (1942- )
245 1 0 _aLa leyenda de Geronimo : Estaba destinado a ser de la resistencia apache contre el poder imparable de los blancos
300 _aVol. 50, Num. 50 (Mayo, 1994), Páginas 52-53
773 0 _tCambio 16
942 _cANA
999 _c58445
_d58445